Latin-amerikai acta
Elmentve itt :
| Dokumentumtípus: | Cikk |
|---|---|
| Megjelent: |
1970-02-12
|
| Sorozat: | Délmagyarország
60 No. 36 |
| Kulcsszavak: | Wittman Tibor, Hispanisztika folyóirat ismertetés 1970, Időszaki kiadványaink - Acta Historica |
| Online Access: | http://dmarchiv.bibl.u-szeged.hu/56294 |
| LEADER | 00472nab a2200145 i 4500 | ||
|---|---|---|---|
| 001 | delm56294 | ||
| 005 | 20180927141837.0 | ||
| 008 | 180927s1970 hu o 0|| hun d | ||
| 040 | |a SZTE Délmagyarország Archívum |b hun | ||
| 041 | |a hun | ||
| 245 | 0 | 0 | |a Latin-amerikai acta |h [elektronikus dokumentum] |
| 260 | |c 1970-02-12 | ||
| 300 | |a 5 | ||
| 490 | 0 | |a Délmagyarország |v 60 No. 36 | |
| 695 | |a Wittman Tibor, Hispanisztika folyóirat ismertetés 1970, Időszaki kiadványaink - Acta Historica | ||